000 00399nam a22001217a 4500
999 _c10130
_d10130
003 OSt
008 201218b ||||| |||| 00| 0 eng d
245 _aIndian Journal of Wireless Networks and Communications
250 _a2018(Jan-Jun Vol.8 No.1, Jul-Dec Vol.8 No.2)
260 _aNew Delhi
_bGBS Publishers and Distributors
650 _aElectronics and Communication Engineering
942 _2ddc
_cBV